000 00386cam a22001217a 4500
008 180718b1972 xxu||||| |||| 00| 0 eng d
082 _aUx54 In2
100 _aSengupta, N.K.
245 _aGovernment and business: the system of administrative controls
_cby N.K. Sengupta
260 _aNew Delhi
_bDepartment of Personnel
_c1972
300 _a42p
700 _aIndia. Department of Personnel
999 _c498246
_d498246